[Event "1st Guwahati GM Open 2022"]
[Site "Guwahati"]
[Date "2022.03.18"]
[Round "8.10"]
[White "Visakh N R"]
[Black "Poormosavi, Seyed Kian"]
[Result "1-0"]
[WhiteElo "2522"]
[BlackElo "2229"]
[Annotator "TA"]
[PlyCount "109"]
[EventDate "2022.03.15"]
[EventCountry "IND"]
[SourceTitle "playchess.com"]
[Source "ChessBase"]
[SourceQuality "1"]

{[%evp 16,109,26,21,44,48,50,43,42,35,59,53,59,51,55,47,47,47,68,61,66,54,58,56,62,72,80,43,64,63,60,68,67,50,66,56,118,118,122,122,115,123,121,123,125,122,174,170,183,176,204,204,188,188,289,265,349,334,334,334,314,252,241,243,206,211,277,276,276,276,269,234,219,225,233,227,224,218,247,238,220,202,583,553,939,808,7852,7147,29978,29978,29978,29979,29984,29985,29984,29985]} 1. d4 Nf6 2. c4 b6 3. Nc3 d5 4. Bg5 Bb7 5. e3 dxc4 6. Nf3 e6 7. Bxc4 Be7 8. O-O O-O 9. Qe2 Ne4 {D53: Queen's Gambit Declined: 4 Bg5 Be7: Early deviations.} 10. Nxe4 Bxe4 11. Bxe7 Qxe7 {White is slightly better.} 12. Rac1 {[#]} c5 $146 ({Predecessor:} 12... Rd8 13. Ne5 Nd7 14. Bd3 Bxd3 15. Nxd3 Rac8 16. Rc3 e5 17. dxe5 Nxe5 18. Nf4 c5 19. e4 Ng6 20. Nh5 Rd4 21. Ng3 {½-½ (21) Lapcevic,M (2324)-Fauth,D (2091) Bayern 2015}) 13. dxc5 bxc5 14. Bd3 Bxd3 15. Qxd3 Nd7 16. Rc2 Rfc8 17. Rfc1 {[%cal Ob2b4] White is more active.} Rc7 18. Qa3 h6 19. h3 Rb7 20. Nd2 {[%cal Bf3d2,Bd2b3,Bb3a5,Ba5c4,Bc4d6][%mdl 32]} Rc8 21. Nb3 {[%cal Rb3c5]} Qf6 22. Na5 Rbc7 23. Nc4 Qe7 24. Qa6 Nb8 25. Qd6 Qxd6 {Black is now going downhill.} (25... Qd8 $14) 26. Nxd6 $16 Rd8 {[#]} 27. Rxc5 $1 Rxc5 28. Rxc5 Rxd6 {[%mdl 4096] Endgame KRN-KR} 29. Rc8+ Kh7 {Threatens to win with ...Nd7.} 30. Rxb8 {KR-KR} Rd2 (30... Ra6 $16 {was called for.}) 31. g4 $18 Kg6 32. a4 a5 33. Rb5 f6 34. Kg2 e5 (34... f5 {keeps fighting.} 35. gxf5+ (35. Rxa5 Rxb2 36. Ra8 fxg4 $16) 35... exf5) 35. Kg3 ({Don't do} 35. Rxa5 $6 Rxb2 36. Ra7 Ra2 $18) 35... Kf7 36. h4 (36. Rxa5 Rxb2 37. Ra7+ Kg6) 36... g6 37. b3 ({But not} 37. Rxa5 Rxb2 38. Ra8 Ke6 $18) 37... Rb2 38. f4 e4 39. Rb7+ ({Much less strong is} 39. Rxa5 $6 Rxb3 40. Ra7+ Ke6 $16) 39... Kg8 40. f5 g5 41. hxg5 hxg5 {[#]} 42. Re7 $1 Rxb3 43. Rxe4 Kf7 44. Kf3 Ra3 45. Rd4 Ke7 46. Ke4 Rb3 {[#]} 47. Kd5 $1 Rc3 48. Re4+ Kd7 $2 (48... Kf7 49. Kd6 Rd3+ 50. Kc6 Rb3) 49. Re6 {aiming for e4.} Ra3 50. Rxf6 Rxa4 51. e4 {[%cal Be3e4,Be4e5][%mdl 32] White wants to mate with Rf7+.} Rb4 52. Rf7+ {White mates.} Ke8 53. Ra7 a4 54. f6 a3 55. e5 {Weighted Error Value: White=0.04 (flawless) /Black=0.44} 1-0

[Event "1st Guwahati GM Open 2022"]
[Site "Guwahati"]
[Date "2022.03.18"]
[Round "8.11"]
[White "Iniyan, P."]
[Black "Srija, Seshadri"]
[Result "1/2-1/2"]
[WhiteElo "2516"]
[BlackElo "2219"]
[Annotator "TA"]
[PlyCount "91"]
[EventDate "2022.03.15"]
[EventCountry "IND"]
[SourceTitle "playchess.com"]
[Source "ChessBase"]
[SourceQuality "1"]

{[%evp 19,91,31,43,32,39,34,59,18,87,45,50,46,72,64,72,58,64,20,23,15,25,22,16,23,30,20,28,0,15,27,54,0,22,0,16,0,8,0,63,9,33,-66,53,25,45,43,58,12,117,0,175,176,171,188,180,83,92,48,64,0,0,0,0,0,0,0,0,0,0,0,35,0,0,0]} 1. e4 e5 2. Nf3 Nc6 3. Bb5 a6 4. Ba4 d6 5. c3 Bd7 6. O-O g6 7. d4 Bg7 8. d5 Nce7 9. Bxd7+ Qxd7 10. c4 Nf6 11. Nc3 {C76: Ruy Lopez: Deferred Steinitz: 5 c3 Bd7 6 d4 g6.} h6 {[#]} 12. Ne1 $146 ({Predecessor:} 12. b4 a5 13. Ba3 axb4 14. Bxb4 O-O 15. c5 Nh5 16. cxd6 cxd6 17. a4 Ra6 18. Nd2 {1-0 (75) Potkin,V (2516)-Kobalia,M (2635) ICC INT 2003}) 12... g5 13. b4 (13. Nc2 $14) 13... a5 (13... b5 $11 {keeps the balance.}) 14. Ba3 (14. b5 $16) 14... axb4 15. Bxb4 b6 16. a4 O-O 17. Nc2 Ne8 18. g4 (18. a5 $14 {might be stronger.}) 18... Ng6 {[%cal Oh6h5]} 19. Ne3 Nf4 20. Nf5 Kh7 21. a5 bxa5 22. Bxa5 Nf6 23. f3 h5 24. gxh5 N6xh5 25. Nb5 (25. Qa4 $14 Qxa4 26. Rxa4) 25... Rfb8 26. Qd2 (26. Bxc7 Rxa1 27. Qxa1 Rxb5 28. Bxd6 Rb3 $19) 26... Rb7 27. Kh1 Bf8 28. Bc3 Rab8 (28... Rbb8 $11) 29. Ra6 {White is much more active.} (29. Rg1 $14) 29... f6 (29... Ng7 $5 {[%cal Rg7f5]}) 30. Qf2 {[#]} (30. Rfa1 $14) 30... Ng7 (30... Nxd5 $1 $15 31. cxd5 Qxb5) 31. Ne3 Be7 32. Rfa1 Kg8 33. Bd2 (33. Qg1 $14) 33... Ngh5 (33... f5 $1 $11) 34. Nf5 (34. Qg1 $16) 34... Ng7 $2 (34... Nxd5 $1 $11 {and Black has nothing to worry.} 35. Na7 (35. cxd5 Rxb5 36. Qf1 Ng7 $11) 35... Rb1+ 36. Be1 R1b2) 35. Bxf4 $18 Nxf5 36. exf5 {Black must now prevent Bd2.} exf4 37. Qc2 (37. Qe2 $18 {and White stays clearly on top.}) 37... Bf8 $16 {[#]} 38. Ra8 (38. Kg2 $1 $16) 38... c6 39. Rxb8 ({White should try} 39. Nc3 $1 $14) 39... Rxb8 $11 40. Nd4 cxd5 41. cxd5 Qb7 42. Qe4 Qb2 43. Rg1 Qf2 {Strongly threatening ...Rb2.} 44. Rg2 ({But not} 44. Qe6+ Kg7 45. Qd7+ Kh8 $17) 44... Qf1+ 45. Rg1 Qf2 {aiming for ...Rb2.} 46. Rg2 {Weighted Error Value: White=0.27 (precise) /Black=0.32} ({Don't play} 46. Qe6+ Kg7 47. Qd7+ Kh8 $19) 1/2-1/2

[Event "1st Guwahati GM Open 2022"]
[Site "Guwahati"]
[Date "2022.03.18"]
[Round "8.12"]
[White "Aradhya, Garg"]
[Black "Mosadeghpour, Masoud"]
[Result "1-0"]
[WhiteElo "2236"]
[BlackElo "2511"]
[Annotator "TA"]
[PlyCount "119"]
[EventDate "2022.03.15"]
[EventCountry "IND"]
[SourceTitle "playchess.com"]
[Source "ChessBase"]
[SourceQuality "1"]

{[%evp 10,119,14,15,30,26,47,42,41,44,41,31,31,34,43,31,24,30,62,66,72,67,112,92,75,93,123,118,187,160,155,166,158,162,165,200,168,158,174,104,106,119,103,76,76,29,76,76,153,76,191,188,184,174,194,189,194,194,192,106,137,127,339,291,483,294,287,295,252,256,437,450,614,480,575,568,513,492,4956,300,300,300,300,300,1043,1135,611,268,528,494,614,614,5416,5409,5369,5314,5223,596,1022,664,2255,4129,4133,3360,4133,4133,29984,29983,29990,29987,29992,29993]} 1. d4 Nf6 2. Nf3 d5 3. c4 e6 4. Nc3 Nbd7 5. cxd5 exd5 6. Bf4 a6 {D35: Queen's Gambit Declined: Exchange Variation.} 7. e3 b5 8. Rc1 Bb7 {White is slightly better.} 9. Bd3 {[#]} Be7 $146 ({Predecessor:} 9... c5 10. dxc5 Bxc5 11. O-O O-O 12. Bf5 Re8 13. a4 b4 14. Ne2 g6 15. Bb1 Rc8 {0-1 (33) Bernard,C (2405)-Shirazi,K (2445) Le Touquet 1996}) 10. a4 c6 11. O-O O-O 12. e4 b4 {[#]} 13. e5 $1 bxc3 (13... Nh5 14. Ne2) 14. exf6 Nxf6 15. Rxc3 {[%cal Bc1c3,Bc3b3,Bb3b7,Bb7a7][%mdl 32]} Ne4 (15... Bb4 $14 {was preferrable.}) 16. Rb3 $16 Ra7 17. Qc2 Qa5 18. Ne5 {[%cal Ob3b7]} (18. Bxe4 dxe4 19. Qxe4 Qxa4 $14) 18... Qxa4 {[#]} (18... c5 $16 {is a better defense.}) 19. Rxb7 $1 {[%mdl 576] Discovered Attack} Qxc2 20. Rxa7 {The board is on fire.} Qxb2 21. Rxe7 Qxd4 22. Be3 {A strong pair of Bishops.} (22. Bxa6 f6 $11) 22... Qa4 23. Bxe4 dxe4 24. Nd7 (24. Rc1 f6 $16) (24. h3 $1 $18) 24... Rd8 25. Nc5 {[%csl LRa4,LRe4] White is much more active.} Qc2 26. h4 (26. Nxe4 h6 $14) 26... h6 27. Rxe4 (27. Nxe4 Rd1 28. Rxd1 Qxd1+ 29. Kh2 Qd8 $11) (27. Kh2 $16) 27... Rd1 (27... f5 $1 $11 28. Re5 a5) 28. Rxd1 Qxd1+ 29. Kh2 Qd5 {[#]} (29... a5 $16) 30. Ra4 $1 $18 f5 31. g3 (31. Rxa6 f4 32. Bxf4 (32. Ra8+ Kh7 $17) 32... Qxc5 $17) 31... g5 {[#]} 32. Rd4 $1 Qf3 33. hxg5 hxg5 34. Nd3 ({Better is} 34. Nxa6 $18 Qh5+ 35. Kg2) 34... f4 35. gxf4 g4 {Loses the game.} (35... Qh5+ $16 36. Kg3 Qh4+ 37. Kf3 gxf4 38. Bxf4 (38. Rxf4 Qh5+ 39. Kg3 Qd5 $18) (38. Nxf4 a5 $16) 38... a5) 36. Ne5 Qh3+ 37. Kg1 g3 38. Nf3 {To avoid Qh2+. Strongly threatening Rd8+.} ({Don't blunder} 38. Nxc6 $2 g2 39. Rd8+ Kh7 40. Rd7+ Qxd7 $19) 38... Qh5 39. Rd8+ Kf7 $2 (39... Kg7) 40. Ne5+ Ke7 41. Rd7+ Ke6 {Threatens to win with ...Qh2+.} 42. fxg3 Qe2 43. Bf2 a5 (43... Qc2 $142 44. Rc7 Qd1+ 45. Kg2 Qd5+ 46. Nf3 Qe4) 44. Rc7 $2 (44. g4 {White threatens f5+ and mate.} Qc2 45. Bg3) 44... a4 45. Rxc6+ Kf5 {[#]} 46. Rc3 Qd1+ (46... Qe4 47. Rc5 Ke6 48. Rc6+ Kf5) 47. Kg2 Qd5+ 48. Kf1 (48. Nf3 $142 {Hoping for Rc5.} Kg4 49. f5) 48... Qa5 (48... Qh1+ 49. Ke2 Qa1) 49. Rc5 Qa6+ 50. Kg2 {Black must now prevent Nf3+.} Qa8+ 51. Nf3+ Ke6 52. f5+ {[%cal Bf4f5,Bf5f6,Bf6f7][%mdl 32]} Kd7 53. Rc2 a3 54. Ra2 {aiming for f6.} Qa5 55. f6 Ke6 56. Bd4 {Re2+ is the strong threat.} Kf7 57. g4 Kg6 58. Ne5+ {White mates.} Kg5 59. f7 Qd5+ 60. Kg3 {Weighted Error Value: White=0.30/Black=0.46} 1-0

[Event "1st Guwahati GM Open 2022"]
[Site "Guwahati"]
[Date "2022.03.18"]
[Round "8.13"]
[White "Priyanka, Kumari"]
[Black "Karthik Venkataraman"]
[Result "1/2-1/2"]
[WhiteElo "1910"]
[BlackElo "2485"]
[Annotator "TA"]
[PlyCount "152"]
[EventDate "2022.03.15"]
[EventCountry "IND"]
[SourceTitle "playchess.com"]
[Source "ChessBase"]
[SourceQuality "1"]

{[%evp 9,152,19,22,6,29,8,17,7,14,-46,-30,-26,-11,-59,-22,-15,-24,-13,-12,-21,-28,-57,-50,-42,-31,-33,-34,-81,-69,-70,-68,-70,-70,-74,-67,-64,-53,-68,-63,-98,-44,-47,-45,-72,0,-47,-41,-45,-46,-93,-37,-37,-37,-59,-47,-52,-37,-42,-38,-38,-38,-46,0,-12,0,-8,0,-29,0,8,31,31,36,10,26,14,70,81,100,100,90,72,64,0,0,0,191,142,276,266,368,357,501,492,441,470,488,500,568,568,554,385,372,360,308,298,378,131,108,0,210,169,152,115,113,53,43,63,56,23,20,8,10,43,35,0,0,0,0,0,0,0,0,0,0,0,0,0,0,0,0,0,0,0,0]} 1. e4 c5 2. Nf3 d6 3. d4 cxd4 4. Nxd4 Nf6 5. Nc3 a6 6. h4 {B90: Sicilian Najdorf: Unusual White 6th moves, 6 Be3 Ng4 and 6 Be3 e5.} h6 7. Be2 e5 8. Nb3 Be7 9. f4 {[#]} (9. Be3 $11) 9... Nc6 $146 ({Predecessor:} 9... b5 10. a3 Nbd7 11. Bf3 Bb7 12. g4 Rc8 13. g5 hxg5 14. fxg5 Rxc3 15. bxc3 Nxe4 {½-½ (33) Inarkiev,E (2668)-Kozul,Z (2601) Zagreb 2021}) 10. g3 b5 {[%cal Bb7b5,Bb5b4][%mdl 32]} 11. Bf3 (11. a3 $11 {should be considered.}) 11... Bb7 12. Be3 Rc8 13. Qd2 Na5 14. Nxa5 Qxa5 15. O-O b4 (15... Qb4 $5 {[%cal Rb4b2]} 16. Rab1 Qc4 $11) 16. Nd5 Bxd5 17. exd5 e4 18. Bg2 (18. Be2 $15) 18... Qxd5 $17 19. Qxb4 O-O $1 20. Rfd1 Qe6 21. Qd2 d5 22. c3 Rfd8 23. Qe2 a5 24. a4 Qf5 (24... Bc5 $17 25. Bxc5 Rxc5) 25. Rd2 $15 Qg6 26. Qe1 Qf5 (26... Ng4 $5 {[%cal Rg4e3]} 27. Bd4 Bc5 $15) 27. Qe2 $1 Re8 28. Bd4 Bc5 29. Rad1 (29. Bxc5 $15 Rxc5 30. Bf1) 29... Kh8 ({Better is} 29... Bxd4+ $17 30. Rxd4 Rb8) 30. Bxc5 Rxc5 31. Rd4 Qg6 32. Qe3 Qg4 33. R1d2 Re6 34. Bf1 Qf5 (34... Rec6 {looks sharper.} 35. Kg2 Rc8 36. Be2 Qe6 37. Rd1 R5c7) 35. Qe1 Rc7 (35... Rec6 $15 {is more appropriate.}) 36. Rh2 Re8 37. Bh3 $1 Qh5 38. Qe2 {To avoid Rc4} Qg6 39. g4 Nd7 40. Rxd5 Qb6+ 41. Rf2 {[%cal Bh2f2,Bf2f3,Bf3e3][%mdl 32]} e3 42. Rf3 Nc5 (42... Nf8 $11) 43. Rxe3 $14 Nb3 {[#]} 44. Rde5 Rxe5 45. fxe5 Rd7 46. Qf2 ({White should try} 46. e6 $14 Rd1+ 47. Qxd1 Qxe3+ 48. Kh2 Qe5+ 49. Kg2 Qxe6 50. g5 Qe4+ 51. Qf3 Qxh4 52. Qxf7 Qxg5+ 53. Kf3) 46... Rd1+ $1 $11 47. Kg2 $1 ({Not} 47. Bf1 $2 Nd2 48. Re1 Nf3+ 49. Kg2 Nxe1+ $19) 47... Qc6+ $2 (47... Nd2 $1 $11 48. Kg3 Qxb2) 48. Kg3 (48. Qf3 $18 Qc5 49. e6 (49. Qxd1 Qxe3 50. Qf3 Qd2+ 51. Qf2 Qd5+ 52. Kg1 Kg8 $16) 49... fxe6 50. Qa8+ (50. Qxd1 Qxe3 51. g5 Nd2 $16) 50... Kh7 51. Qe4+ g6 52. Qxe6 (52. Qb7+ Kh8 $16) 52... Rd2+ 53. Kh1) 48... Qc5 (48... Kg8 $16 49. Bg2 Qb6) 49. Bg2 Nc1 50. Qf3 {b4 is the strong threat.} Rd2 (50... Rd8 $142 51. Qe4 Nb3) 51. Qa8+ $18 Kh7 52. Qe4+ Kh8 53. b4 Qb6 54. bxa5 Qxa5 55. Qa8+ Qxa8 56. Bxa8 {[%mdl 4096] Endgame KRB-KRN} Kg8 57. c4 {And now Ra3 would win.} Ra2 {Inhibits Ra3.} 58. Re1 $2 ({Less strong is} 58. Bc6 Ne2+ 59. Kh2 (59. Kh3 Nf4+ 60. Kg3 Ne2+ 61. Kh2 Nd4+ 62. Bg2 Rxa4 $16) 59... Nd4+ 60. Bg2 Kf8 $16) (58. Kf3 $18 {is more deadly.}) 58... Nd3 $16 {[#]} 59. Re3 (59. Re4 $1 $16) 59... Nc5 $2 (59... Nc1 $1 $11 {and Black is okay.}) 60. Bc6 Kf8 61. Kf3 Ke7 62. Re2 (62. h5 $16) 62... Ra3+ $14 63. Kf4 (63. Kg2 {with more complications.} Nxa4 64. Bd5 Nc5 65. h5 Ne6 66. Kf2) 63... Nxa4 64. Bxa4 (64. Re3 $5 {[%cal Re3a3]} Ra1 65. Rb3 $16) 64... Rxa4 {KR-KR} 65. Rc2 Ke6 66. h5 g6 67. hxg6 fxg6 {The position is equal.} 68. Rc1 h5 69. gxh5 gxh5 70. Rc2 h4 71. Ke4 Ra5 72. c5 Ra4+ 73. Kf3 {aiming for c6.} Kxe5 74. c6 {Strongly threatening c7.} Ra8 75. Kg4 Rc8 76. Kxh4 Kd6 {Black defended with fortune.  Weighted Error Value: White=0.21 (precise) /Black=0.26 (precise)} 1/2-1/2

[Event "1st Guwahati GM Open 2022"]
[Site "Guwahati"]
[Date "2022.03.18"]
[Round "8.14"]
[White "Abdisalimov, Abdimalik"]
[Black "Mayank Chakraborty"]
[Result "1/2-1/2"]
[WhiteElo "2435"]
[BlackElo "2164"]
[Annotator "TA"]
[PlyCount "90"]
[EventDate "2022.03.15"]
[EventCountry "IND"]
[SourceTitle "playchess.com"]
[Source "ChessBase"]
[SourceQuality "1"]

{[%evp 24,90,51,51,55,50,42,43,47,63,57,55,97,97,103,68,88,95,114,102,95,63,75,77,116,110,114,115,116,126,322,270,244,238,373,385,370,346,350,279,278,277,267,225,276,256,495,237,216,0,0,0,0,0,0,-4,0,0,-1,-4,0,0,0,0,0,0,0,0,0]} 1. d4 Nf6 2. c4 e6 3. Nc3 Bb4 4. Qc2 O-O 5. a3 Bxc3+ 6. Qxc3 b6 7. Bg5 Bb7 8. f3 d5 9. cxd5 exd5 10. e3 Nbd7 11. Bd3 h6 12. Bh4 Re8 13. Ne2 c5 {E32: Nimzo-Indian: Classical (4 Qc2): 4...0-0.} 14. O-O Qe7 15. Bf2 Rac8 {White is slightly better.} 16. Qd2 Nb8 17. b4 Nc6 {[#]} (17... cxd4 $14 18. Nxd4 Nfd7) 18. bxc5 $146 ({Predecessor:} 18. Rab1 cxd4 19. exd4 Ne4 20. fxe4 dxe4 21. Bc2 e3 22. Qd3 exf2+ 23. Rxf2 g6 24. Bb3 Qe4 25. Bxf7+ Kg7 26. Qxe4 Rxe4 27. Bd5 Re7 28. Rc1 Rec7 29. Be6 {1-0 (29) Maiorov,N (2524)-Lanin,A (2444) Minsk 2008}) 18... bxc5 19. Ng3 g6 {Inhibits Nf5.} 20. dxc5 Ne5 21. Bb5 Red8 22. Qd4 Rxc5 23. Rfb1 Ba8 24. Be1 Nc6 25. Bxc6 Rxc6 26. Rc1 Rc4 $2 {[#]} (26... Ne8 $16 {was necessary.} 27. Bb4 (27. Bc3 f6 $16) 27... Qb7 28. Rxc6 Qxc6 29. Qxa7 Bb7) 27. Bb4 $1 Rxc1+ 28. Rxc1 Qe6 (28... Qe8 {keeps fighting.} 29. Bc3 (29. Qxa7 d4 $18) 29... Rd6 30. Qxa7 Nd7) 29. Rc7 $18 Nd7 30. Bc3 {[%csl Gc3][%cal Rd4g7]} f6 31. Qxa7 (31. Rxa7 Rc8 32. a4 Bc6 $18) 31... Bc6 32. Ne2 {Hoping for Nf4.} g5 {Prevents Nf4.} 33. Bb4 Ra8 34. Qd4 {And now Qd3 would win.} Ne5 {To avoid Qd3} (34... Bb5) 35. Ng3 (35. f4 $142) 35... Be8 36. Nf5 $2 Nxf3+ $11 {The position is equal.} 37. gxf3 Qxf5 38. e4 $40 {[%mdl 128] White is up to no good.} dxe4 39. Qc4+ ({Much worse is} 39. fxe4 Qg4+ 40. Kh1 Qf4 41. Qd5+ Kh8 $15) 39... Kh8 40. Qxe4 Qxe4 41. fxe4 {KRB-KRB} Bg6 42. Bc3 Kg8 43. Bxf6 {Strongly threatening Rg7+.} Bxe4 44. Rg7+ Kf8 45. Rc7 Ra6 {Black defended with fortune.  Weighted Error Value: White=0.23 (precise) /Black=0.27 (precise)} 1/2-1/2

[Event "1st Guwahati GM Open 2022"]
[Site "Guwahati"]
[Date "2022.03.18"]
[Round "8.15"]
[White "Imocha, Laishram"]
[Black "Gusain, Himal"]
[Result "0-1"]
[WhiteElo "2049"]
[BlackElo "2408"]
[Annotator "TA"]
[PlyCount "70"]
[EventDate "2022.03.15"]
[EventCountry "IND"]
[SourceTitle "playchess.com"]
[Source "ChessBase"]
[SourceQuality "1"]

{[%evp 18,70,45,46,66,7,70,39,45,63,93,80,77,79,89,97,131,115,113,94,104,102,109,113,85,77,93,56,61,10,9,-26,-22,-41,-26,-29,-23,-23,-24,-54,-50,-96,-127,-516,-510,-909,-909,-868,-645,-625,-587,-589,-561,-606,-561]} 1. d4 Nf6 2. Nf3 e6 3. c4 c5 4. d5 exd5 5. cxd5 g6 6. g3 Bg7 7. Bg2 d6 8. Nc3 O-O 9. O-O Na6 10. Nd2 {10.Bf4 is the hot move.} Rb8 {A62: Modern Benoni: Fianchetto Variation without early ...Nbd7.} 11. e4 (11. a4 $1 $14) 11... Ne8 (11... Ng4 $11) 12. a4 {[%cal Ba2a4,Ba4a5][%mdl 32]} Nb4 {White is slightly better.} 13. Nc4 {[#]} a6 $146 {[#]} ({Predecessor:} 13... b6 14. Nb5 Ba6 15. Qb3 Qd7 16. Bf4 Bxb5 17. axb5 Rd8 18. Rfe1 f6 19. h4 h6 {½-½ (68) Yeager,D (2335)-Kiselev,V (2539) ICC INT 2009}) 14. a5 $1 Bd7 15. Nb6 Nc7 {[#]} 16. Bg5 $1 f6 (16... Qxg5 17. Nxd7) 17. Bf4 Bb5 18. Nxb5 Nxb5 19. Bd2 f5 {[#]} 20. exf5 $1 gxf5 21. Bxb4 cxb4 22. Qd2 Bd4 23. Nc4 (23. Rac1 $14) 23... f4 $11 24. gxf4 Rc8 {[%cal Bb8c8,Bc8c7,Bc7f7,Bf7f4,Bf4f2][%mdl 32]} 25. Qd3 ({Reject} 25. Qxb4 Rxf4 26. Rac1 (26. Kh1 $2 Be5 $19) 26... Qh4 $15) 25... Rc7 26. Kh1 Rcf7 27. Rae1 Rxf4 28. Qg3+ Kh8 {[%cal Rd4f2]} 29. Re6 (29. Re4 $1 $15 Rxf2 30. Rxf2 Bxf2 31. Qg4) 29... Bxf2 $17 30. Rxf2 {[%mdl 8192] White does not recover from this.} Rxf2 $19 {Black is clearly winning.} 31. Nxd6 (31. h3 $142) 31... Nxd6 32. Rxd6 Qe7 {( -> ...Qe1+)} 33. Re6 {Inhibits Qe1+.} Qg7 34. Qxg7+ Kxg7 35. d6 Rxb2 {Weighted Error Value: White=0.50/Black=0.25 (precise)} 0-1

[Event "1st Guwahati GM Open 2022"]
[Site "Guwahati"]
[Date "2022.03.18"]
[Round "8.16"]
[White "Arnav Maheshwari"]
[Black "Shahil Dey"]
[Result "1-0"]
[WhiteElo "1934"]
[BlackElo "2400"]
[Annotator "TA"]
[PlyCount "81"]
[EventDate "2022.03.15"]
[EventCountry "IND"]
[SourceTitle "playchess.com"]
[Source "ChessBase"]
[SourceQuality "1"]

{[%evp 9,81,-13,-14,-22,-25,-29,54,0,21,6,16,8,16,13,0,0,18,-66,-64,-66,-65,-66,14,11,4,-12,-8,-8,9,23,22,0,-8,-12,-10,-19,-7,-39,-39,-39,-8,-23,0,0,0,-55,-55,-54,-62,-104,-62,-62,0,-29,-21,-54,387,380,933,928,921,912,892,879,848,638,638,635,625,617,595,594,563,467]} 1. e4 c5 2. Nf3 e6 3. b3 Nc6 4. Bb2 Qc7 5. Be2 Nf6 6. Nc3 {B40: Sicilian: 2...e6, Unusual lines.} a6 {Inhibits Nb5.} 7. O-O {[#]} Nd4 $146 (7... Be7 $11) ({Predecessor:} 7... Bd6 8. h3 O-O 9. Re1 Ne5 10. d4 Nxf3+ 11. Bxf3 cxd4 12. Qxd4 Bc5 13. Qd2 e5 {0-1 (48) Ding,Y (2424)-Skripchenko,A (2403) Riadh 2017}) 8. h3 (8. e5 $14 Nxf3+ 9. Bxf3 Qxe5 10. Nd5 $1 Qxb2 11. Nc7+ Kd8 12. Nxa8) 8... Nxe2+ 9. Qxe2 d6 10. e5 dxe5 11. Qxe5 Bd6 12. Qg5 Rg8 {White must now prevent ...Bf4.} (12... Be7 {feels hotter.} 13. Qxg7 Rg8 14. Qh6 Bd7 15. d3 Bc6) 13. Nb5 axb5 $15 14. Bxf6 {[%mdl 64] Pin} h6 15. Qg4 Kf8 ({Better is} 15... h5 $15 16. Qg5 Bf4) 16. Bb2 $11 f6 17. Rfe1 e5 18. Qg6 Qf7 19. Qd3 {[%csl LRb5,LRd6]} Qd7 20. a4 bxa4 21. Rxa4 Rxa4 22. bxa4 g5 23. Qe3 Kg7 24. a5 Re8 25. d3 Qb5 (25... Qa4 $5 {[%cal Ra4c2]}) 26. Bc3 Qa4 27. d4 (27. Rc1 $11) 27... cxd4 $15 28. Nxd4 Re7 29. Nb3 (29. Ne2 $15 {feels stronger.}) 29... Bf5 ({Black should try} 29... Rc7 $17 30. Qb6 Qd7) 30. Qb6 {[#]} Bb8 (30... Bxc2 $1 $15 31. Nc5 (31. Qxd6 Rd7 $17) 31... Bxc5 32. Qxc5 Rf7) 31. Nd4 Bc8 32. Qb4 Qd7 {[%mdl 8192] A mistake that costs the game.} (32... Qxb4 $15 {keeps the upper hand.} 33. Bxb4 Re8) 33. Nf5+ $1 $18 Qxf5 $2 (33... Kf8) 34. Qxe7+ {White is clearly winning.} Kg6 35. Qe8+ Kg7 36. Bb4 {Threatening mate with Bf8+.} Qe6 37. Bf8+ Kh7 38. Qxe6 Bxe6 39. Rb1 Bd5 40. a6 Kg8 41. Bc5 {Weighted Error Value: White=0.28 (precise) /Black=0.42} 1-0

[Event "1st Guwahati GM Open 2022"]
[Site "Guwahati"]
[Date "2022.03.18"]
[Round "8.17"]
[White "Karthikeyan, P.."]
[Black "Kumar, Gaurav"]
[Result "1-0"]
[WhiteElo "2396"]
[BlackElo "2025"]
[Annotator "TA"]
[PlyCount "77"]
[EventDate "2022.03.15"]
[EventCountry "IND"]
[SourceTitle "playchess.com"]
[Source "ChessBase"]
[SourceQuality "1"]

{[%evp 23,77,29,31,25,14,31,39,39,39,37,47,39,36,12,46,42,41,31,107,47,42,42,50,39,69,81,78,51,51,36,43,30,120,122,116,122,123,120,108,108,205,198,211,216,237,243,239,235,429,425,453,425,427,421,564,542]} 1. d4 Nf6 2. c4 e6 3. Nf3 d5 4. g3 Be7 5. Bg2 O-O 6. O-O dxc4 7. Qa4 a6 8. Qxc4 b5 9. Qc2 Bb7 10. Bd2 Be4 11. Qc1 Nbd7 12. Ba5 Rc8 13. Nbd2 {E05: Open Catalan: 5 Nf3 Be7.} Ba8 14. Qc2 Qe8 15. b4 $1 {Prevents c5. White is slightly better.} (15. Bxc7 $2 Nd5 16. Rfc1 Rxc7 $19) 15... Nd5 16. a3 f5 17. Rac1 Qh5 18. Qd3 {[#]} Bd6 $146 ({Predecessor:} 18... N7f6 19. Ne5 Bd6 20. h3 Ne4 21. Ndf3 Ne7 22. Rfd1 Bd5 23. Re1 Qh6 24. e3 Ng6 {½-½ (32) Nilsson,E (2283)-Toenisson,P (2342) ICCF email 2011}) 19. e4 fxe4 20. Nxe4 (20. Qxe4 $2 Nf4 $1 {[%mdl 512]} 21. Qe3 Nxg2 22. Kxg2 Rf7 $19) 20... e5 ({Black should play} 20... N7f6 $14 21. Nfg5 Bf4 22. gxf4 Nxe4 23. Qxe4 Nxf4 24. Qxh7+ Qxh7 25. Nxh7 Ne2+ 26. Kh1 Bxg2+ 27. Kxg2 Kxh7 28. Rxc7 Nf4+ 29. Kh1 Nd3) 21. Nxd6 {White is more active.} ({White should try} 21. Nfg5 $1 $16) 21... cxd6 $14 22. Rxc8 Rxc8 23. dxe5 Nxe5 24. Nxe5 Qxe5 25. Qd2 (25. Rd1 $5 {[%cal Rg2d5]} Nc3 26. Bxa8 (26. Qxd6 Qe2 $11) 26... Rxa8 27. Qxd6 $16) 25... Qh5 26. Re1 {[%cal Bf1e1,Be1e6,Be6d6,Bd6d8][%mdl 32]} h6 27. h3 Kh8 (27... Qf5 $11 {remains equal.}) 28. Re6 $16 Nf6 29. Rxd6 Bxg2 30. Kxg2 Ne4 {[%csl LRd2,LRd6]} 31. Rd8+ Kh7 {[#]} (31... Rxd8 $16 {is a better defense.} 32. Qxd8+ Kh7) 32. Qf4 $1 $18 {Really sharp!} ({Don't play} 32. Qd5 $6 Qxd5 33. Rxd5 Rc3 $16) ({But not} 32. Qd3 $6 Qf5 33. Qf3 (33. Rxc8 Qxf2+ 34. Kh1 Qe1+ 35. Kh2 Qf2+ 36. Kh1 Qe1+ 37. Kh2 Qf2+ 38. Kh1 $11) 33... Qxf3+ 34. Kxf3 Ng5+ 35. Kg2 Rc6 $16) 32... Rc4 33. Bb6 {[%cal Ba5b6,Bb6d4,Bd4g7,Bg7e5][%mdl 32] Threatens to win with Bd4.} Qg6 34. Bd4 {Strongly threatening Qf8.} Ng5 {[#] White must now prevent ...Ne6.} 35. Rd6 $40 {[%mdl 128] White attacks with force.} Qd3 {[#]} (35... Qf7) 36. Bxg7 $1 {[%mdl 512] White is clearly winning.} Rxf4 (36... Qe4+ 37. Qxe4+) 37. Rxd3 Rf7 38. Be5 Ne4 39. f4 {Weighted Error Value: White=0.05 (flawless) /Black=0.36} 1-0